000 00449nam a2200157Ia 4500
008 210716s2003 xx 000 0 und d
020 _a8120321596
041 _aeng
082 _a005.2766 SCHD
100 _aSchneider, David I.
245 _aIntroduction to programming using: visual basic .net.
_bVisual basic .net.
250 _a5
260 _aNew Delhi
_bPrentice Hall of India PVt Ltd
_c2003
300 _axvii,709
650 _aVisual Basic
999 _c185189
_d185189